General Knowledge Quiz #179 - Statistics

General Stats
  • This quiz has been taken 84,558 times
  • The average score is 12 of 20
Answer Stats
Question Answer % Correct
What garment could be described as a "Scottish skirt for men"? Kilt
95%
In what country would you find the headquarters of the Hyundai corporation? South Korea
80%
What suffix can follow gyro, stetho, and horo? Scope
78%
What is the most populous city in northern Italy? Milan
76%
What country has been led by father-son politicians Pierre and Justin? Canada
75%
There are three primary "macronutrients" in the human diet. One is protein. One is carbohydrates. What is the other? Fat
73%
Who wrote "Pet Sematary", "Misery", and "The Green Mile"? Stephen King
64%
What type of people does a gerontologist work with? Elderly
60%
Who was the leader of the Argonauts from Greek mythology? Jason
58%
What city in Japan is internationally famous for its beef? Kobe
58%
What type of bread is generally used to make a gyro? Pita
58%
What are lederhosen made of? Leather
57%
What does a lexicon contain? Words
56%
What is the capital of Alaska? Juneau
53%
What type of bean is named after a major city in South America? Lima bean
53%
What animal might a barber have applied to your body during the Middle Ages? Leeches
52%
What extension of the Roman Empire, based in Constantinople, survived until the 1400s? {Byzantine} Empire
51%
What fictional person with initials CK dated at least two women with initials LL? Clark Kent
46%
What girl group from the 1960s featured Diana Ross? The Supremes
42%
What did Joseph Lister make much safer? Surgery
21%
No matching quizzes found
Score Distribution
Percent of People with Each Score
Percentile by Number Answered
Your Score History
You have not taken this quiz